Ciao Paris (Paroles) - La Femme - Statistiques

Statistiques générales
  • Ce quiz a été pris 2 fois
  • Le résultat moyen est 195 sur 285
Statistiques - réponses
Réponse % Correct
a
100%
amis
100%
and
100%
And
100%
au
100%
Au
100%
be
100%
Bye
100%
bye
100%
cette
100%
ciel
100%
Denis
100%
for
100%
go
100%
goodbye
100%
gris
100%
I
100%
life
100%
me
100%
mélodie
100%
merci
100%
mes
100%
okay
100%
Paris
100%
revoir
100%
Saint
100%
see
100%
sur
100%
to
100%
today
100%
tomorrow
100%
tous
100%
wanna
100%
will
100%
alone
50%
along
50%
beach
50%
been
50%
busy
50%
c'est
50%
Ciao
50%
crazy
50%
doing
50%
don't
50%
every
50%
everyday
50%
fish
50%
friends
50%
get
50%
give
50%
gonna
50%
Hawaii
50%
hell
50%
hello
50%
ici
50%
If
50%
I'm
50%
is
50%
It's
50%
it's
50%
je
50%
just
50%
la
50%
lady
50%
long
50%
mad
50%
mais
50%
messy
50%
miss
50%
moi
50%
my
50%
nothing
50%
Now
50%
now
50%
on
50%
or
50%
Paul
50%
resterai
50%
sad
50%
sea
50%
so
50%
SSD
50%
such
50%
swim
50%
the
50%
time
50%
vie
50%
was
50%
we
50%
we'll
50%
yesterday
50%
you
50%
around
0%
at
0%
Bastille
0%
call
0%
dad
0%
died
0%
everybody
0%
feel
0%
fine
0%
hard
0%
Jumpin
0%
kiss
0%
light
0%
Lipari
0%
mistery
0%
mommy
0%
Napoli
0%
night
0%
oh
0%
one
0%
PCC
0%
phone
0%
Pigalle
0%
please
0%
rue
0%
sadness
0%
say
0%
stay
0%
tan
0%
train
0%
Trippin
0%
with
0%
working
0%
worry
0%
your
0%
Aucun quiz correspondant
Distribution des résultats
% des personnes avec chaque résultat
Percentile par nombre de réponses
Votre historique - résultats
Vous n’avez pas pris ce quiz